[Event "Berlin Lichtenberger op 14th"]
[Site "Berlin"]
[Date "2015.08.18"]
[Round "4"]
[White "Reichenbach, Werner"]
[Black "Mayer, Herbert"]
[Result "1/2-1/2"]
[WhiteElo "2241"]
[BlackElo "1949"]
[PlyCount "64"]
[EventDate "2015.08.15"]
[EventType "swiss"]
[EventRounds "9"]
[EventCountry "GER"]
[SourceTitle "EXT 2016"]
[Source "ChessBase"]
[SourceDate "2015.10.08"]
[SourceVersion "1"]
[SourceVersionDate "2015.10.08"]
[SourceQuality "1"]

1. c4 Nf6 2. Nc3 d5 3. cxd5 Nxd5 4. Nf3 g6 5. e4 Nxc3 6. bxc3 Bg7 7. d4 0-0 8. Be2 c5 9. 0-0 Nc6 10. d5 Ne5 11. Qb3 Qc7 12. Nd2 Nd7 13. f4 Nb6 14. a4 Bd7 15. Nc4 Nxc4 16. Bxc4 Qb6 17. Qc2 Kh8 18. Be3 Qc7 19. Rfd1 f6 20. Qd2 Rfd8 21. Qf2 b6 22. Qe2 Bc8 23. h3 Bb7 24. Rd2 Qd7 25. Bb5 Qc7 26. Bc4 Qd7 27. Qf2 Qe8 28. Qh4 e6 29. dxe6 Bxe4 30. f5 Bxf5 31. Rad1 Rxd2 32. Rxd2 Bxe6 1/2-1/2

[Event "Berlin-ch Seniors op 31st"]
[Site "Berlin"]
[Date "2015.02.03"]
[Round "5"]
[White "Reichenbach, Werner"]
[Black "Simon, Ralf Axel"]
[Result "1-0"]
[WhiteElo "2159"]
[BlackElo "2103"]
[PlyCount "73"]
[EventDate "2015.01.29"]
[EventType "swiss"]
[EventRounds "9"]
[EventCountry "GER"]
[SourceTitle "EXT 2018"]
[Source "ChessBase"]
[SourceDate "2017.10.13"]
[SourceVersion "1"]
[SourceVersionDate "2017.10.13"]
[SourceQuality "1"]

1. e4 c5 2. Nf3 e6 3. d4 cxd4 4. Nxd4 Nc6 5. Nc3 Qc7 6. Be2 Nf6 7. Be3 Be7 8. 0-0 0-0 9. Nxc6 dxc6 10. f4 e5 11. f5 Bb4 12. Bd3 Qe7 13. Kh1 h6 14. Qf3 Bc5 15. Bd2 Bd7 16. Ne2 Rfd8 17. Rad1 Be8 18. g4 Nh7 19. Qg3 f6 20. h4 Bf7 21. b3 Rd7 22. Ng1 Bb4 23. Be3 Bc5 24. Nh3 Bxe3 25. Qxe3 c5 26. Rg1 Kf8 27. g5 hxg5 28. hxg5 fxg5 29. Nxg5 Nxg5 30. Rxg5 c4 31. bxc4 Bxc4 32. Rdg1 Bxd3 33. cxd3 Ke8 34. Qh3 Qf8 35. f6 Qxf6 36. Rf5 Qc6 37. Rf8+ 1-0

[Event "Berlin Lichtenberger op 13th"]
[Site "Berlin"]
[Date "2014.08.19"]
[Round "4"]
[White "Reichenbach, Werner"]
[Black "Moreno Tejera, Emilio"]
[Result "1/2-1/2"]
[WhiteElo "2258"]
[BlackElo "2435"]
[PlyCount "199"]
[EventDate "2014.08.16"]
[EventType "swiss"]
[EventRounds "9"]
[EventCountry "GER"]
[SourceTitle "CBM 161 Extra"]
[Source "ChessBase"]
[SourceDate "2014.08.29"]
[SourceVersion "1"]
[SourceVersionDate "2014.08.29"]
[SourceQuality "1"]

1. d4 g6 2. e4 Bg7 3. Nc3 d6 4. Nf3 a6 5. a4 Bg4 6. Be3 Nc6 7. d5 Ne5 8. Be2 Nxf3+ 9. Bxf3 Bxf3 10. Qxf3 Nf6 11. 0-0 0-0 12. Rfd1 Qe8 13. Bd4 e5 14. Be3 Nh5 15. g4 Nf4 16. Bxf4 exf4 17. Re1 Be5 18. Kh1 Qe7 19. Rad1 c5 20. dxc6 bxc6 21. b3 Qh4 22. Ne2 Kg7 23. Rd3 h5 24. Rg1 Rh8 25. h3 hxg4 26. Rxg4 Qe7 27. Qg2 Rh4 28. Rxh4 Qxh4 29. Kg1 Qf6 30. Kf1 Rb8 31. Qf3 Rb4 32. c4 Rb8 33. Qg4 Rh8 34. Ng1 Rh4 35. Qd7 f3 36. Rxf3 Rf4 37. Rxf4 Qxf4 38. Qg4 Qd2 39. Qf3 Qc1+ 40. Kg2 Qd2 41. Ne2 Qg5+ 42. Qg4 Qd2 43. Ng3 d5 44. exd5 cxd5 45. cxd5 Qxd5+ 46. Qe4 Qd6 47. Nf1 f5 48. Qb7+ Kh6 49. Ne3 Bd4 50. Nc4 Qe6 51. Qf3 Kh7 52. Kf1 Bc5 53. Kg2 Bd4 54. Qf4 Qd5+ 55. Kg1 Bg7 56. Qd2 Qf3 57. Qe3 Qd5 58. Kf1 Bh6 59. Qe7+ Bg7 60. Ke2 Qd4 61. Qe3 Qd5 62. Qf3 Qe6+ 63. Kf1 Bd4 64. Qf4 Qd5 65. Kg1 Bg7 66. Qe3 Bd4 67. Qe7+ Bg7 68. Qe3 Bd4 69. Qe2 Bc5 70. Qe5 Qd1+ 71. Kg2 Bf8 72. Qe3 Bg7 73. Qf3 Qd4 74. Qc6 Qc3 75. Qb7 Qd4 76. Ne3 Qd3 77. Qd5 Qe2 78. Qc4 Qb2 79. b4 Bd4 80. Kf3 Bxe3 81. fxe3 Qh2 82. Qh4+ Kg7 83. Qg3 Qh1+ 84. Kf2 Qd5 85. Qc7+ Kh6 86. Qf4+ Kh7 87. Qh4+ Kg8 88. Qf6 Qd2+ 89. Kf3 Kh7 90. Qh4+ Kg8 91. Qc4+ Kh7 92. b5 axb5 93. axb5 Qd1+ 94. Kf2 Qd2+ 95. Qe2 Qd6 96. Kg2 Qd5+ 97. Kg1 Qc5 98. Kg2 Qd5+ 99. Kf2 Qd6 100. Kg2 1/2-1/2

[Event "Berlin-ch Seniors op 30th"]
[Site "Berlin"]
[Date "2014.02.02"]
[Round "4"]
[White "Grabinger, Hartmut"]
[Black "Reichenbach, Werner"]
[Result "0-1"]
[WhiteElo "1897"]
[BlackElo "2183"]
[PlyCount "44"]
[EventDate "2014.01.30"]
[EventType "swiss"]
[EventRounds "9"]
[EventCountry "GER"]
[SourceTitle "EXT 2018"]
[Source "ChessBase"]
[SourceDate "2017.10.13"]
[SourceVersion "1"]
[SourceVersionDate "2017.10.13"]
[SourceQuality "1"]

1. e4 g6 2. d4 Bg7 3. Nc3 d6 4. Be3 c6 5. Qd2 b5 6. Bd3 Nd7 7. Nf3 Ngf6 8. h3 0-0 9. 0-0 e5 10. dxe5 dxe5 11. a4 b4 12. Na2 a5 13. c3 c5 14. Rfd1 Qe7 15. cxb4 axb4 16. Nc1 Bb7 17. Bg5 Rfd8 18. Qc2 Nf8 19. Nb3 Rdc8 20. Nbd2 Ne6 21. Be3 Nd4 22. Nxd4 cxd4 0-1

[Event "Berlin Lichtenrade op 09th"]
[Site "Berlin"]
[Date "2013.10.03"]
[Round "6"]
[White "Reichenbach, Werner"]
[Black "Schmidek, Emil"]
[Result "1-0"]
[WhiteElo "2290"]
[BlackElo "1940"]
[PlyCount "107"]
[EventDate "2013.09.28"]
[EventType "swiss"]
[EventRounds "9"]
[EventCountry "GER"]
[SourceTitle "CBM 156 Extra"]
[Source "ChessBase"]
[SourceDate "2013.10.22"]
[SourceVersion "1"]
[SourceVersionDate "2013.10.22"]
[SourceQuality "1"]

1. d4 Nf6 2. Nc3 c5 3. d5 e5 4. e4 d6 5. Be2 g6 6. Nf3 Bg7 7. 0-0 0-0 8. Nd2 Ne8 9. Nc4 f5 10. a4 Nf6 11. exf5 Bxf5 12. f4 Ne4 13. Nxe4 Bxe4 14. Bg4 Bf5 15. fxe5 dxe5 16. Ne3 Bxg4 17. Rxf8+ Qxf8 18. Qxg4 Na6 19. Bd2 Qd6 20. Rd1 Rf8 21. g3 Nb8 22. Bc3 Nd7 23. Nc4 Qf6 24. Qe6+ Kh8 25. Qxf6 Bxf6 26. Re1 e4 27. Rxe4 Bxc3 28. bxc3 Nf6 29. Re5 Rd8 30. d6 b6 31. Re6 Nd5 32. Ne5 Kg8 33. c4 Nc3 34. Nc6 Rd7 35. Ne5 Rd8 36. d7 Kf8 37. Kg2 Nxa4 38. Kf3 b5 39. cxb5 Nb6 40. Kf4 Nxd7 41. Rd6 Ke7 42. Rxd7+ Rxd7 43. Nxd7 Kxd7 44. Ke5 Kc7 45. c4 Kb6 46. Kd5 g5 47. g4 h6 48. h3 a5 49. bxa6 Kxa6 50. Kxc5 Kb7 51. Kd6 Kc8 52. c5 Kd8 53. c6 Kc8 54. c7 1-0

[Event "Berlin Lichtenrade op 09th"]
[Site "Berlin"]
[Date "2013.10.02"]
[Round "5"]
[White "Mikkelsen, Nikolaj"]
[Black "Reichenbach, Werner"]
[Result "1-0"]
[WhiteElo "2412"]
[BlackElo "2290"]
[PlyCount "129"]
[EventDate "2013.09.28"]
[EventType "swiss"]
[EventRounds "9"]
[EventCountry "GER"]
[SourceTitle "CBM 156 Extra"]
[Source "ChessBase"]
[SourceDate "2013.10.22"]
[SourceVersion "1"]
[SourceVersionDate "2013.10.22"]
[SourceQuality "1"]

1. e4 g6 2. d4 Bg7 3. Nc3 d6 4. Be3 c6 5. h4 Nf6 6. f3 b5 7. Qd2 Qa5 8. Nge2 b4 9. Nd1 Nbd7 10. Nf4 Rb8 11. Be2 c5 12. d5 h5 13. 0-0 Qc7 14. a3 a5 15. axb4 axb4 16. Qe1 Ne5 17. Qg3 0-0 18. Nf2 Bd7 19. N2d3 Nc4 20. Bc1 Ra8 21. Rxa8 Rxa8 22. Kh1 Bb5 23. Nf2 Qb8 24. N4d3 Qc8 25. f4 Be8 26. Bf3 Nd7 27. b3 Na3 28. Bd1 Nb5 29. f5 Ra1 30. Nh3 Nc3 31. Bf3 Nf6 32. Re1 Na2 33. Bg5 Rxe1+ 34. Qxe1 Nc3 35. fxg6 fxg6 36. Nhf4 Bf7 37. e5 dxe5 38. Nxe5 Qf5 39. Nxf7 Kxf7 40. Qe6+ Kf8 41. Qxf5 gxf5 42. g3 Kf7 43. Bxf6 Bxf6 44. Bxh5+ Kg7 45. Bf3 Be5 46. Ne6+ Kf6 47. Kg2 Bd6 48. h5 Nb5 49. Nf4 Kg5 50. Kf2 Kh6 51. Ke3 Be5 52. Kd3 Bd6 53. Ng6 Kg5 54. g4 fxg4 55. Bxg4 Nd4 56. Bd1 Nb5 57. Nf8 Nc3 58. Ne6+ Kf5 59. Bf3 Ke5 60. h6 Kf5 61. h7 Be5 62. Nxc5 Kg6 63. Be4+ Kh6 64. Na6 Na2 65. Kc4 1-0

[Event "Berlin Lichtenberger op 12th"]
[Site "Berlin"]
[Date "2013.08.25"]
[Round "9"]
[White "Reichenbach, Werner"]
[Black "Meister, Jakob"]
[Result "1/2-1/2"]
[WhiteElo "2279"]
[BlackElo "2517"]
[PlyCount "117"]
[EventDate "2013.08.17"]
[EventType "swiss"]
[EventRounds "9"]
[EventCountry "GER"]
[SourceTitle "CBM 156 Extra"]
[Source "ChessBase"]
[SourceDate "2013.10.22"]
[SourceVersion "1"]
[SourceVersionDate "2013.10.22"]
[SourceQuality "1"]

1. d4 Nf6 2. Nf3 e6 3. c4 c5 4. d5 exd5 5. cxd5 d6 6. Nc3 g6 7. e4 Bg7 8. Be2 0-0 9. 0-0 Re8 10. Nd2 Na6 11. f3 Nc7 12. a4 Nd7 13. Kh1 f5 14. Nc4 Ne5 15. Na3 a6 16. Be3 Nf7 17. Qd2 Bd7 18. a5 Rb8 19. Nc4 Nb5 20. Bd3 Nd4 21. Ra3 Qf6 22. Nb6 Rbd8 23. Nc4 Bb5 24. Rb1 Bxc4 25. Bxc4 Qh4 26. Qf2 Qh5 27. Bf1 fxe4 28. Nxe4 Qxd5 29. b4 Nf5 30. bxc5 dxc5 31. Bxc5 Ne5 32. Rab3 Rd7 33. Bb6 Kh8 34. Qc5 Qg8 35. Qf2 Rc8 36. Be3 Qd5 37. Bb6 h6 38. Nc5 Rf7 39. Nd3 Nd7 40. Nb4 Qe6 41. Nd3 Qd6 42. Rb4 Kh7 43. Ba7 Qd5 44. Rxb7 Nd6 45. R7b4 Qxa5 46. Bd4 Nf6 47. Ne5 Re7 48. Nd3 Nf5 49. Bc5 Rd7 50. Bb6 Qa3 51. R1b3 Qa1 52. Rb1 Qc3 53. R4b3 Qc2 54. Qxc2 Rxc2 55. Nb4 Rcd2 56. Rd3 Bf8 57. Rxd7+ Nxd7 58. g4 Nxb6 59. gxf5 1/2-1/2

[Event "Berlin Lichtenberger op 12th"]
[Site "Berlin"]
[Date "2013.08.22"]
[Round "6"]
[White "Schleich, Theodor"]
[Black "Reichenbach, Werner"]
[Result "0-1"]
[WhiteElo "2051"]
[BlackElo "2279"]
[PlyCount "146"]
[EventDate "2013.08.17"]
[EventType "swiss"]
[EventRounds "9"]
[EventCountry "GER"]
[SourceTitle "CBM 156 Extra"]
[Source "ChessBase"]
[SourceDate "2013.10.22"]
[SourceVersion "1"]
[SourceVersionDate "2013.10.22"]
[SourceQuality "1"]

1. d4 e6 2. e4 d5 3. e5 c5 4. c3 Nc6 5. Nf3 Qb6 6. a3 Bd7 7. b4 cxd4 8. cxd4 Rc8 9. Be3 Nge7 10. Bd3 Nf5 11. Bxf5 exf5 12. 0-0 Be6 13. Qd3 Be7 14. Nc3 Qd8 15. Rfc1 0-0 16. Rc2 Qd7 17. Qe2 h6 18. h4 Nb8 19. Rac1 Rc6 20. Na4 Rxc2 21. Qxc2 b6 22. Nb2 Rc8 23. Qxc8+ Qxc8 24. Rxc8+ Bxc8 25. Nd3 Nc6 26. g3 Nd8 27. Nf4 Bb7 28. Nd2 Ne6 29. Nb1 g5 30. Nxe6 fxe6 31. hxg5 hxg5 32. b5 Kf7 33. Bc1 Kg6 34. f3 a6 35. a4 axb5 36. axb5 Bc8 37. Ba3 Bd8 38. Kf2 Bd7 39. Nc3 Kh5 40. Bd6 Be8 41. Kg2 Kg6 42. Kf2 Kg7 43. Ke3 Bg6 44. Bb4 Kf7 45. Bd6 Kg7 46. Bb4 Kh6 47. Bf8+ Kh5 48. Bb4 f4+ 49. gxf4 gxf4+ 50. Kxf4 Bg5+ 51. Kg3 Be3 52. Bc5 Be8 53. Bxb6 Bd2 54. Nb1 Be1+ 55. Kf4 Bxb5 56. Ke3 Kg5 57. Na3 Ba6 58. Nc2 Bg3 59. Nb4 Bf4+ 60. Kf2 Bb5 61. Na2 Bd2 62. Bc5 Kf4 63. Nb4 Be3+ 64. Kg2 Be2 65. Nc2 Bxf3+ 66. Kf1 Bd2 67. Kf2 Ke4 68. Nb4 Be3+ 69. Kg3 Bh5 70. Nc2 Bf4+ 71. Kg2 Bd1 72. Nb4 Be3 73. Na2 Bxd4 0-1

[Event "Berlin Lichtenrade op 07th"]
[Site "Berlin"]
[Date "2011.10.11"]
[Round "4"]
[White "Meijers, Viesturs"]
[Black "Reichenbach, Werner"]
[Result "1-0"]
[WhiteElo "2471"]
[BlackElo "2310"]
[PlyCount "89"]
[EventDate "2011.10.08"]
[EventType "swiss"]
[EventRounds "9"]
[EventCountry "GER"]
[SourceTitle "CBM 144 Extra"]
[Source "ChessBase"]
[SourceDate "2011.10.28"]
[SourceVersion "1"]
[SourceVersionDate "2011.10.28"]
[SourceQuality "1"]

1. d4 Nf6 2. Bg5 e6 3. e4 h6 4. Bxf6 Qxf6 5. c3 d6 6. Bd3 e5 7. Ne2 Nc6 8. 0-0 Be7 9. f4 exd4 10. cxd4 Bg4 11. d5 Nb8 12. Nbc3 Nd7 13. h3 Bxe2 14. Qxe2 0-0 15. Rae1 Qd4+ 16. Kh1 Bf6 17. Bb1 Rfe8 18. Qc2 Nf8 19. Nb5 Qb4 20. Nxc7 Rec8 21. e5 Bd8 22. a3 Qa5 23. exd6 Bxc7 24. dxc7 Rxc7 25. Qd3 Rd8 26. Ba2 Qb6 27. b4 Qf6 28. Rf3 Rdc8 29. Ref1 Rc2 30. Bb1 R2c3 31. Qd2 Rxf3 32. Rxf3 Qa1 33. Rb3 Qf6 34. Kh2 Qd6 35. Be4 Rc4 36. Qe3 Nd7 37. g3 b6 38. Bg2 Kf8 39. Rb2 Rc8 40. Re2 Nf6 41. Qe5 Rd8 42. Rc2 g5 43. Qf5 gxf4 44. Rc6 fxg3+ 45. Kh1 1-0

[Event "Berlin Lichtenberger op 10th"]
[Site "Berlin"]
[Date "2011.08.18"]
[Round "6"]
[White "Muse, Drazen"]
[Black "Reichenbach, Werner"]
[Result "1/2-1/2"]
[WhiteElo "2381"]
[BlackElo "2313"]
[PlyCount "21"]
[EventDate "2011.08.13"]
[EventType "swiss"]
[EventRounds "9"]
[EventCountry "GER"]
[SourceTitle "CBM 143 Extra"]
[Source "ChessBase"]
[SourceDate "2011.08.29"]
[SourceVersion "1"]
[SourceVersionDate "2011.08.29"]
[SourceQuality "1"]

1. d4 Nf6 2. c4 e6 3. Nf3 b6 4. e3 Bb7 5. Bd3 d5 6. 0-0 Be7 7. Nc3 0-0 8. b3 Nbd7 9. Bb2 c5 10. cxd5 exd5 11. Rc1 1/2-1/2

[Event "Berlin Lichtenberger op 10th"]
[Site "Berlin"]
[Date "2011.08.17"]
[Round "5"]
[White "Wendt, Jan Dietrich"]
[Black "Reichenbach, Werner"]
[Result "1/2-1/2"]
[WhiteElo "2360"]
[BlackElo "2313"]
[PlyCount "36"]
[EventDate "2011.08.13"]
[EventType "swiss"]
[EventRounds "9"]
[EventCountry "GER"]
[SourceTitle "CBM 143 Extra"]
[Source "ChessBase"]
[SourceDate "2011.08.29"]
[SourceVersion "1"]
[SourceVersionDate "2011.08.29"]
[SourceQuality "1"]

1. Nf3 d5 2. c4 c6 3. g3 Nf6 4. Bg2 Bf5 5. cxd5 cxd5 6. Qb3 Qb6 7. Nc3 e6 8. 0-0 Be7 9. d3 Nbd7 10. Be3 Qxb3 11. axb3 a6 12. Bf4 0-0 13. Rfd1 Bg6 14. Ne5 Nxe5 15. Bxe5 Nd7 16. Bd4 Nc5 17. Bxc5 Bxc5 18. d4 Bb4 1/2-1/2